000 00682nam a22002297a 4500
003 OSt
005 20250901083130.0
008 250901b |||||||| |||| 00| 0 eng d
020 _a 978-0-07-110115-8.
040 _aDWCL-Main lib.
_cOC
082 _aCirc. 363.256 S559f 2008
100 _aWilliam S. Hopwood
245 _aForensic accounting/
_cWilliam S. Hopwood
260 _aN. Y. :
_bMcGraw-Hill/Irwin,
_cc2008.
300 _axv, 512 p.
_b ill.
_c; 25 cm.
504 _aIncludes index.
650 _a1. Forensic accounting-United States.
650 _a2. Forensic accounting.
700 _aJay J. Leiner
700 _dGeorge R. Young
942 _2ddc
_cBK-CIRC
_kCirc.
_n0
999 _c4445
_d4445